Fr. Conceicao Rodrigues College of Engineering

Design & Evolution of C++ (Record no. 31285)

MARC details
000 -LEADER
fixed length control field 00288nam a2200133Ia 4500
100 ## - MAIN ENTRY--PERSONAL NAME
Personal name Stroustrup/ Bjarne
245 ## - TITLE STATEMENT
Title Design & Evolution of C++
260 ## - PUBLICATION, DISTRIBUTION, ETC.
Name of publisher, distributor, etc. Addison Wesley Pub
Place of publication, distribution, etc. NONE
Date of publication, distribution, etc. 1994
300 ## - PHYSICAL DESCRIPTION
Extent 461
546 ## - LANGUAGE NOTE
Language note ENGLISH
654 ## - SUBJECT ADDED ENTRY--FACETED TOPICAL TERMS
Focus term computer
942 ## - ADDED ENTRY ELEMENTS (KOHA)
Koha item type BOOK
Holdings
Withdrawn status Lost status Damaged status Not for loan Collection Home library Current library Date acquired Total Checkouts Full call number Barcode Date last seen Price effective from Koha item type
        CRC Fr. Agnel's C.Rodrigues College of Engineering Fr. Agnel's C.Rodrigues College of Engineering 17/03/2023   10027 17/03/2023 17/03/2023 BOOK
        CRC Fr. Agnel's C.Rodrigues College of Engineering Fr. Agnel's C.Rodrigues College of Engineering 17/03/2023   10028 17/03/2023 17/03/2023 BOOK